000 01122nam a2200289Ia 4500
008 130821s2004 ck gr spa
020 _a9587070402
040 _aCo-BoUCM
_bspa
041 0 0 _aspa
100 _aNavas de Rico, Jeannethe
245 1 0 _aCódigo disciplinario único Ley 734 de 2002. Concordado, comentado, jurisprudencia y práctica
_cJeannethe Navas de Rico
250 _a2a. Ed.
260 _aBogotá (Colombia)
_bLibrería Ediciones del Profesional
_c2004
300 _a536 páginas
504 _aIncluye índice
630 _aLey 734 de 2002
_96889
650 0 4 _aActos administrativos
_zColombia
_98462
650 0 4 _aAdministración pública
_9355
650 0 4 _aDerecho administrativo
_912695
650 0 4 _aDerecho administrativo
_xLegislación
_zColombia
_912695
650 0 4 _aFuncionarios públicos
_zColombia
_97643
650 0 4 _aProceso disciplinario
_zColombia
_922381
650 0 4 _aSanciones administrativas
_zColombia
_923991
651 7 _aColombia
_xAdministración pública
_xLegislación
_926606
942 _cLIBRO
_a8
_e2
_mC718c
_2DEWEY
_h342.068
999 _c55360
_d55360